Normal view MARC view

Entry Topical Term

Number of records used in: 3

001 - CONTROL NUMBER

  • control field: 22721

003 - CONTROL NUMBER IDENTIFIER

  • control field: OSt

005 - DATE AND TIME OF LATEST TRANSACTION

  • control field: 20211105134700.0

008 - FIXED-LENGTH DATA ELEMENTS

  • fixed length control field: 211105|| aca||aabn | a|a d

040 ## - CATALOGING SOURCE

  • Original cataloging agency: OSt
  • Transcribing agency: OSt

150 ## - HEADING--TOPICAL TERM

  • Topical term or geographic name entry element: Stellar explosions

670 ## - SOURCE DATA FOUND

  • Source citation: Work cat.: (OSt): Oak Ridge Symposium 2nd Tennessee 1997 Dec. 2-6 22720, Stellar evolution, stellar explosions and galactic chemical evolution, 1998

Powered by Koha